000 00659nam a22001937a 4500
999 _c545
_d545
003 GBCCL
005 20241126110340.0
008 171206b xxu||||| |||| 00| 0 eng d
040 _cgbc
082 _a223.2
_bWOR
245 _aWords of Wisdom:
_bFrom living Psalms and Proverbs /
_cParaphrased by Kenneth N. Taylor; Compiled by George M. Wilson
260 _aMinneapolis:
_bWorld Wide Publications,
_c1967.
300 _a296 p. ;
_c18 cm.
500 _aSpecial crusade edition.
500 _aIncludes index.
630 0 0 _aBible.
_pO.T.
_pPsalms
_xParaphrases, English.
_97380
630 0 0 _aBible.
_pO.T.
_pProverbs
_xParaphrases, English.
_97381
942 _2ddc
_cBK
_02